000 00343nam a2200133Ia 4500
008 230524s9999 xx 000 0 und d
020 _a8176060208
100 _aOscar Wilde
_936631
245 0 _aOscar Wilde Complete Stories
260 _bProjapoti
500 _aQuantity Number: 1
650 _aPersonality Development
_936632
942 _cBK
999 _c50674
_d50674